|
|
|
|
| LEADER |
02601nam a22004695i 4500 |
| 001 |
978-1-84628-014-6 |
| 003 |
DE-He213 |
| 005 |
20151204175903.0 |
| 007 |
cr nn 008mamaa |
| 008 |
100508s2006 xxk| s |||| 0|eng d |
| 020 |
|
|
|a 9781846280146
|9 978-1-84628-014-6
|
| 024 |
7 |
|
|a 10.1007/978-1-84628-014-6
|2 doi
|
| 040 |
|
|
|d GrThAP
|
| 050 |
|
4 |
|a RD701-811
|
| 072 |
|
7 |
|a MNS
|2 bicssc
|
| 072 |
|
7 |
|a MED065000
|2 bisacsh
|
| 082 |
0 |
4 |
|a 616.7
|2 23
|
| 100 |
1 |
|
|a Paterson, John K.
|e author.
|
| 245 |
1 |
0 |
|a Musculoskeletal Medicine in Clinical Practice
|h [electronic resource] /
|c by John K. Paterson.
|
| 264 |
|
1 |
|a London :
|b Springer London,
|c 2006.
|
| 300 |
|
|
|a XIII, 113 p. 25 illus.
|b online resource.
|
| 336 |
|
|
|a text
|b txt
|2 rdacontent
|
| 337 |
|
|
|a computer
|b c
|2 rdamedia
|
| 338 |
|
|
|a online resource
|b cr
|2 rdacarrier
|
| 347 |
|
|
|a text file
|b PDF
|2 rda
|
| 505 |
0 |
|
|a What Is Musculoskeletal Medicine? -- The Scientific Bases of Musculoskeletal Medicine -- The Patient’s View of Musculoskeletal Medicine -- The Doctor’s View of Musculoskeletal Medicine -- The Economics of Musculoskeletal Medicine -- Teaching Musculoskeletal Medicine -- Headache and Migraine -- Neck Pain -- Shoulder and Arm Pain -- Chest Pain -- Lower Trunk Pain -- Pelvic Pain -- Leg Pain -- Will Musculoskeletal Medicine Work? -- The Future of Musculoskeletal Medicine.
|
| 520 |
|
|
|a With a foreword by a pioneer of Pain Clinics, Dr Keith Budd, this pocket-sized book is a handy reference for family practitioners, medical educators in musculoskeletal medicine. In addition to explaining what musculoskeletal medicine is, this book discusses pain in:- head, neck, shoulder and arm, chest, lower trunk, pelvis, leg. It then discusses whether musculoskeletal treatment will work in these cases, and casts a short look at the future of musculoskeletal medicine. In particular it clarifies what is not within the realm of musculoskeletal medicine – neurological complaints, orthopedic problems and the inflammatory diseases in particular.
|
| 650 |
|
0 |
|a Medicine.
|
| 650 |
|
0 |
|a General practice (Medicine).
|
| 650 |
|
0 |
|a Rheumatology.
|
| 650 |
|
0 |
|a Orthopedics.
|
| 650 |
1 |
4 |
|a Medicine & Public Health.
|
| 650 |
2 |
4 |
|a Orthopedics.
|
| 650 |
2 |
4 |
|a Surgical Orthopedics.
|
| 650 |
2 |
4 |
|a General Practice / Family Medicine.
|
| 650 |
2 |
4 |
|a Rheumatology.
|
| 710 |
2 |
|
|a SpringerLink (Online service)
|
| 773 |
0 |
|
|t Springer eBooks
|
| 776 |
0 |
8 |
|i Printed edition:
|z 9781852339661
|
| 856 |
4 |
0 |
|u http://dx.doi.org/10.1007/978-1-84628-014-6
|z Full Text via HEAL-Link
|
| 912 |
|
|
|a ZDB-2-SME
|
| 950 |
|
|
|a Medicine (Springer-11650)
|